| 000 | 00655nam a2200229Ia 4500 | ||
|---|---|---|---|
| 003 | OSt | ||
| 005 | 20221007080633.0 | ||
| 006 | a|||||r|||| 00| 0 | ||
| 007 | ta | ||
| 008 | 221006b |||||||| |||| 00| 0 eng d | ||
| 024 | _a27,816 | ||
| 037 | _cReports / Technical Reports | ||
| 040 |
_aFLL _cFLL _beng |
||
| 041 |
_2eng _aeng |
||
| 082 | _aZ73,2,1, M0 | ||
| 100 | _aHowell John C. | ||
| 245 | 0 | _aEstate planning for the small business owner | |
| 260 |
_aNew Jersey _b Prentice- Hall, Inc. _c1980 |
||
| 300 |
_axii,151p _ccm. |
||
| 942 |
_hZ73,2,1, M0 _cREP _2CC |
||
| 999 |
_c1160380 _d1160380 |
||